000 00655nam a2200253Ia 4500
003 OSt
005 20220918204401.0
006 a|||||r|||| 00| 0
007 ta
008 220917b |||||||| |||| 00| 0 eng d
024 _a112,430
037 _cTextual
040 _aARTS
_cARTS
_beng
041 _2eng
_aeng
082 _aV52:8.C5, L1
100 _aLewis Naphtali
_9111831
245 0 _aFifth century B C
260 _aToronto
_bA M Hakkert
_c1971
300 _axiii,125p.
_ccm.
490 _aGreek historical documents
650 _aHISTORY
942 _hV52:8.C5, L1
_cTEXL
_2CC
999 _c235779
_d235779